|
|
|
|
| LEADER |
03084nam a2200661 4500 |
| 001 |
ocn881182791 |
| 003 |
OCoLC |
| 005 |
20170124071804.7 |
| 006 |
m o d |
| 007 |
cr cnu|||unuuu |
| 008 |
140609t20142014gw a obf 001 0 ger d |
| 040 |
|
|
|a DG1
|b eng
|e rda
|e pn
|c DG1
|d N$T
|d CUI
|d OCLCF
|d IDEBK
|d E7B
|d COO
|d OCL
|d DG1
|d GrThAP
|
| 019 |
|
|
|a 880413174
|a 881453607
|a 893684726
|
| 020 |
|
|
|a 343360343X (eMobi)
|
| 020 |
|
|
|a 9783433603444 (eMobi)
|
| 020 |
|
|
|a 3433603448 (eMobi)
|
| 020 |
|
|
|a 9783433603451 (ePDF)
|
| 020 |
|
|
|a 3433603456 (ePDF)
|
| 020 |
|
|
|a 9783433603437 (oBook)
|
| 020 |
|
|
|a 9783433603468 (ePub)
|
| 020 |
|
|
|a 3433603464 (ePub)
|
| 020 |
|
|
|z 9783433029039 (print)
|
| 020 |
|
|
|z 3433029032 (print)
|
| 020 |
|
|
|a 130677263X (ebk)
|
| 020 |
|
|
|a 9781306772631 (ebk)
|
| 024 |
7 |
|
|a 10.1002/9783433603437
|2 doi
|
| 029 |
1 |
|
|a NZ1
|b 15581452
|
| 029 |
1 |
|
|a CHVBK
|b 325943508
|
| 029 |
1 |
|
|a CHBIS
|b 010259634
|
| 029 |
1 |
|
|a DEBBG
|b BV041997519
|
| 029 |
1 |
|
|a GBVCP
|b 814399266
|
| 035 |
|
|
|a (OCoLC)881182791
|z (OCoLC)880413174
|z (OCoLC)881453607
|z (OCoLC)893684726
|
| 037 |
|
|
|a 608514
|b MIL
|
| 050 |
|
4 |
|a TG300
|
| 072 |
|
7 |
|a TG
|2 lcco
|
| 072 |
|
7 |
|a TEC
|x 009020
|2 bisacsh
|
| 082 |
0 |
4 |
|a 624.2/5
|2 23
|
| 049 |
|
|
|a MAIN
|
| 100 |
1 |
|
|a Geissler, Karsten,
|e author.
|
| 245 |
1 |
0 |
|a Handbuch Brückenbau :
|b Entwurf, Konstruktion, Berechnung, Bewertung und Ertüchtigung /
|c Katsen Geißler.
|
| 264 |
|
1 |
|a Berlin, Germany :
|b Ernst & Sohn,
|c [2014]
|
| 264 |
|
4 |
|c ©2014
|
| 300 |
|
|
|a 1 online resource (xxii, 1340 pages) :
|b illustrations
|
| 336 |
|
|
|a text
|b txt
|2 rdacontent
|
| 337 |
|
|
|a computer
|b c
|2 rdamedia
|
| 338 |
|
|
|a online resource
|b cr
|2 rdacarrier
|
| 505 |
0 |
|
|a Brückenentwurf / Karsten Geißler -- Allgemeine Bemessungsgrundlagen / Karsten Geißler -- Massivbrücken : Entwurf, Konstruktion und Bemessung / Karsten Geißler -- Überbauten von Stahl- und Stahlverbundbrücken : Entwurf, Konstruktion und Bemessung / Karsten Geißler -- Baustoffunabhängige Grenzkriterien und Spezielle Nachweise / Karsten Geißler -- Brückenausstattung / Karsten Geißler -- Bewertung und Ertüchtigung der Bestandsbauwerke / Karsten Geißler -- Beispielverzeichnis / Karsten Geißler -- Brückenverzeichnis / Karsten Geißler -- Literaturverzeichnis / Karsten Geißler -- Stichwortverzeichnis.
|
| 588 |
|
|
|a Description based on online resource; title from PDF title page (Wiley, viewed June 9, 2014).
|
| 504 |
|
|
|a Includes bibliographical references and index.
|
| 650 |
|
0 |
|a Bridges
|x Design and construction
|v Handbooks, manuals, etc.
|
| 650 |
|
7 |
|a TECHNOLOGY & ENGINEERING / Civil / General
|2 bisacsh
|
| 650 |
|
7 |
|a Bridges
|x Design and construction.
|2 fast
|0 (OCoLC)fst00838690
|
| 655 |
|
4 |
|a Electronic books.
|
| 655 |
|
7 |
|a Handbooks and manuals.
|2 fast
|0 (OCoLC)fst01423877
|
| 655 |
|
0 |
|a Electronic books.
|
| 776 |
0 |
8 |
|i Print version:
|a Geissler, Karsten.
|t Handbuch Brückenbau.
|d Berlin : Ernst & Sohn, 2014
|z 9783433029039
|w (OCoLC)881225574
|
| 856 |
4 |
0 |
|u https://doi.org/10.1002/9783433603437
|z Full Text via HEAL-Link
|
| 994 |
|
|
|a 92
|b DG1
|